| 000 | 00987nam a22003017a 4500 | ||
|---|---|---|---|
| 003 | CHAP | ||
| 005 | 20220329134602.0 | ||
| 008 | 971013s1985 r 10010 d | ||
| 010 | _a22560 | ||
| 011 | _a23532 | ||
| 035 | _a27628 | ||
| 040 | _cCHAP | ||
| 082 |
_a633.2 _bA8 1985 |
||
| 111 | 0 | 0 |
_aAustralasian Conference on Grassland Invertebrate Ecology ( _d4 _d: 1985 _c: Canterbury, N.Z.) _98357 |
| 245 | _aProceedings | ||
| 260 |
_aChristchurch, N.Z. : _bCaxton, _c1985 |
||
| 300 |
_a383 p. _b; gráfs |
||
| 590 |
_aBATCH-UPD _b10 _c20130109 _lUCH01 _h2343 |
||
| 590 |
_aBATCH-UPD _b10 _c20130110 _lUCH01 _h2210 |
||
| 590 |
_aBATCH-UPD _b10 _c20130409 _lUCH01 _h1913 |
||
| 590 |
_aBATCH-UPD _b10 _c20130914 _lUCH01 _h1033 |
||
| 590 |
_aCONVERSION _b10 _c20130109 _lUCH01 _h1313 |
||
| 650 | 1 | 4 |
_aPastizales _xEcología. _985933 |
| 650 | 1 | 4 |
_aPastos _xPlagas. _986069 |
| 901 | _aBK | ||
| 942 | _cLIBRO | ||
| 949 |
_a633.2 A8 1985 _bBC _cLIBRO _d33724000197828 _eLIBRO _gI.132541 _h69017 _i27628 _mDir _si |
||
| 999 |
_c22560 _d22560 |
||